• 首页
  • 本馆介绍
  • 公告通知
  • 最新文献
  • 馆藏检索
  • 电子资源
  • 读者导购
  • 参考咨询
  • 我的图书馆
  • 登录
  • 详细信息显示
  • 放入我的书架
  • 预约/预借图书
  • 作者相关作品
  • 分类相关作品
  • 丛书相关作品
  • 出版社相关作品

书目信息

  • 表格格式
  • 工作单格式
  • 卡片格式
题名:
闭路电视
    
 
作者: 切申斯基 著 ;马俊婷 译
分册:  
出版信息: 北京   机械工业出版社  2010
页数: 10,286页
开本: 24cm
丛书名: 国际信息工程先进技术译丛
单 册:
中图分类: TN943.6
科图分类:
主题词: 闭路电视
电子资源:
ISBN: 978-7-111-28314-0
000 01062oam2 2200301 45
001 1050933640
005 20100420094857.42
010    @a978-7-111-28314-0@dCNY78.00
100    @a20100407d2010 em y0chiy50 ea
101 1  @achi@ceng
102    @aCN@b110000
105    @aa z 000yy
106    @ar
200 1  @a闭路电视@ABi Lu Dian Shi@f(美)Joe Cieszynski著@F( Mei )Joe Cieszynski Zhu@g马俊婷等译
210    @a北京@c机械工业出版社@d2010
215    @a10,286页@c图@d24cm
225 2  @a国际信息工程先进技术译丛
305    @a据原书第3版译出
312    @a封面英文题名:Closed Circuit Television
330    @a本书讲解了CCTV系统设计、规范、安装和维护中涉及的各种内容。围绕PAL和NTSC系统讲述了CCTV系统,涵盖了CCTV系统的核心设备及相关专题。
461  0 @12001 @a国际信息工程先进技术译丛
510 1  @aClosed Circuit Television@zeng
606 0  @a闭路电视
690    @aTN943.6@v4
701  1 @a切申斯基@AQie Shen Si Ji@g(Cieszynski, Joe)@4著
702  0 @a马俊婷@AMa Jun Ting@4译
801  0 @aCN@bTANGWEI@c20100420
905    @b0591887-91@dTN943.6@e236@f5
    
    闭路电视/(美)Joe Cieszynski著/马俊婷等译.-北京:机械工业出版社,2010
    10,286页:图;24cm.-(国际信息工程先进技术译丛)
    
    
    ISBN 978-7-111-28314-0:CNY78.00
    本书讲解了CCTV系统设计、规范、安装和维护中涉及的各种内容。围绕PAL和NTSC系统讲述了CCTV系统,涵盖了CCTV系统的核心设备及相关专题。
●
相关链接 在E读中查询图书 在五车中查询图书 在当当中查询图书 在豆瓣中查询图书


正题名:闭路电视     索取号:TN943.6/236         预约/预借

序号 登录号 条形码 馆藏地/架位号 状态 备注
1 0591887   205918872   第二样本阅览室/ [索取号:TN943.6/236] 在馆    
2 0591888   205918881   第三借阅区/ [索取号:TN943.6/236] 在馆    
3 0591889   205918890   第三借阅区/ [索取号:TN943.6/236] 在馆    
4 0591890   205918907   第三借阅区/ [索取号:TN943.6/236] 在馆    
5 0591891   205918916   第三借阅区/ [索取号:TN943.6/236] 在馆    
唐山师范学院图书馆 欢迎您!
大连网信软件有限公司© 版权所有